000 00694nam a2200193 i 4500
001 74302
003 ES-MaACL
005 20250903014224.0
007 t|
008 040917m19161945ag ||||1| spa d
100 1 _aGonzález Galé, José.
_958639
245 1 0 _aMatemáticas financieras /
_cJosé González Galé.
260 _aBuenos Aires :
_bMoreno y Bolívar,
_c1916-45 (
_fM. A. Rosas, Tipografía del Boletín Matemático)
300 _a2 v. ;
_c28 cm.
505 8 _aContiene: 1ª Parte: Intereses y anualidades ciertas. -- 2ª Parte: Elementos de cálculo actuarial
650 7 _aMatemáticas financieras
_2embne
_9151789
852 _aES-MaACL
_jG-13991-92
999 _c74302
_d74302